A Cartoon Election Logic Puzzle Quiz Stats

 Plays Quiz Updated Sep 11, 2014

Challenge
Share
Tweet
Score 0/30 Timer 15:00
11 Plays Today
hint answer % Correct
1???
100%
7???
84.1%
13???
82%
19???
81.2%
25???
80.4%
27???
75.6%
8???
64.5%
9???
46.3%
24???
44.1%
18???
36.6%
6???
35.6%
11???
34%
5???
33%
14???
32.9%
22???
31.9%
hint answer % Correct
20???
31.4%
26???
31.2%
2???
30.4%
12???
30.4%
29???
29.9%
30???
29.1%
3???
27.6%
21???
26.6%
17???
26.4%
28???
26.3%
23???
24.7%
4???
24.6%
15???
22.1%
16???
21.4%
10???
20.3%

You're not logged in!

Compare scores with friends on all Sporcle quizzes.
OR
Log In

You Might Also Like...

Show Comments

Extras

Top Quizzes Today


Score Distribution

Your Account Isn't Verified!

In order to create a playlist on Sporcle, you need to verify the email address you used during registration. Go to your Sporcle Settings to finish the process.

Report this User

Report this user for behavior that violates our Community Guidelines.

Details: